MARC

LEADER 00000nam0a2200000 4500
001 292580
005 20231102000517.0
035 |a (RuTPU)RU\TPU\book\317216 
090 |a 292580 
100 |a 20150423d1963 k y0rusy50 ca 
101 1 |a rus  |c eng 
102 |a RU 
105 |a a z 001zy 
200 1 |a Устойчивость ядерных реакторов  |e пер. с англ.  |f А. Хитчкок 
210 |a Москва  |c Госатомиздат  |d 1963 
215 |a 68 с.  |c ил. 
320 |a Библиогр.: с. 62. 
320 |a Алфавитно-предметный указатель: с. 66-67. 
606 1 |a Ядерные реакторы  |x Устойчивость  |2 stltpush  |3 (RuTPU)RU\TPU\subj\21696  |9 46649 
610 1 |a энергетические реакторы 
610 1 |a динамика 
610 1 |a устойчивость 
610 1 |a неустойчивость 
610 1 |a регулирование 
675 |a 621.039.514  |v 3 
700 1 |a Хитчкок  |b А. 
801 1 |a RU  |b 63413507  |c 20150423 
801 2 |a RU  |b 63413507  |c 20150429  |g RCR 
942 |c BK